00690nam a2200193 a 4500001000900000005001700009008004100026020001500067050002100082245004600103260004800149300003200197504002700229610006300256610005100319942001100370999001300381952010200394BRCA_67020190320203112.0170408s2005----sp-a---###---#000-0#spa-# a8493373605 4aN3444b.G95 200510aGuía breve del Museo Lázaro Galdiano. aMadridbFundación Lázaro Galdianoc2005 a105 p.bil. a colorc21 cm. aBibliografía: p. 10524aMuseo Lázaro GaldianoxColecciones de artezMadrid9222024aMuseo Lázaro GaldianovGuíaszMadrid92221 2lcccB c579d579 00104070aBRCAbBRCAd2008-06-25l0oN3444 .G95 2005p00998r2019-03-22 00:00:00w2019-03-22yB